000 00867aab a2200193 i 4500
001 768714001
003 CO-MdFUSB
005 20240403172012.0
008 240403t1989 ag ||||| |||| 00| 0 spa d
040 _bspa
_cCO-MdFUSB
041 _aspa
100 1 _aSteuernagel, Valdir R.
_eautor
245 1 0 _aPreguntas a Lausana II
_c/ Valdir R. Steuernagel
300 _aVolumen 8, número 4 (diciembre, 1989), páginas: 19 - 20
_c; 27 cm
520 _aEste es el breve discurso presentado en el plenario del II Congreso de Lausana sobre Evangelización Mundial por Valdir Steuernagel, vicepresidente de la Fraternidad Teológica Latinoamericana, hacia el final del cónclave realizado en Manila en julio de 1989.
653 _aLausana
773 0 _tIglesia y Misión
_049402
_959672
_gVolumen 8, número 4 (diciembre, 1989), páginas: 19 - 20
_qpáginas: 19
942 _cANA
999 _c51855
_d51855